000 00668nam a2200229Ia 4500
003 OSt
005 20220927104426.0
006 a|||||r|||| 00| 0
007 ta
008 220926b |||||||| |||| 00| 0 eng d
024 _a152047
037 _cReference Collections
040 _aRTL
_cRTL
_beng
041 _2eng
_aeng
082 _a"242:55.1(X).N6, K9/UN"
110 _a"United Nations, Industrial Development Organization"
245 0 _aIndustrial information
260 _c1969
700 _a"United Nations, Industrial Development Organization"
942 _h"242:55.1(X).N6, K9/UN"
_cCC
999 _c687314
_d687314